| 000 | 00388pab a2200157 454500 | ||
|---|---|---|---|
| 008 | 180718b2013 xxu||||| |||| 00| 0 eng d | ||
| 100 | _aSingh, U.B. | ||
| 245 | _aProperty tax reforms in Kanpur municipal corporation: An impact study | ||
| 260 | _c2013 | ||
| 300 | _ap.43-62. | ||
| 362 | _aJan-Mar | ||
| 650 | _aProperty tax | ||
| 773 | _aNagarlok | ||
| 908 | _aN | ||
| 909 | _a103219 | ||
| 999 |
_c103215 _d103215 |
||